| 000 | 01053cam a2200325 i 4500 | ||
|---|---|---|---|
| 001 | 200431209 | ||
| 003 | TR-AnTOB | ||
| 005 | 20260213091604.0 | ||
| 007 | ta | ||
| 008 | 090126s2003 tu 00000 tur D | ||
| 040 |
_aTR-AnTOB _beng _erda _cTR-AnTOB _dTR-AnTOB |
||
| 041 | 0 | _atur | |
| 050 | 1 | 4 | _aBP195.A74 |
| 090 |
_aBP195.A74 _bA9353b 2003 |
||
| 100 | 1 |
_aAydın, Ayhan, _d1970- _eauthor _9101930 |
|
| 245 | 1 | 0 |
_aAlevilik-Bektaşilik söyleşileri / _cAyhan Aydın. |
| 246 | 1 | 4 | _aAlevilik-Bektaşilik söyleşileri II |
| 246 | 3 | 0 | _aAlevilik-Bektaşilik söyleşileri : ikinci kitap. |
| 264 | 1 |
_aİstanbul : _bHorasan yayınları, _c2003. |
|
| 300 |
_avolumes. ; _c22 cm |
||
| 336 |
_2rdacontent _atext _btxt |
||
| 337 |
_2rdamedia _aunmediated _bn |
||
| 338 |
_2rdacarrier _avolume _bnc |
||
| 490 | 0 |
_aHorasan yayınları ; _v17 |
|
| 650 | 7 |
_aAleviler _zTürkiye _xTarih _2etuturkob _9110266 |
|
| 650 | 0 |
_aBektaşi _zTürkiye _9111614 |
|
| 650 | 7 |
_aŞiiler _xTarih _2etuturkob _9122234 |
|
| 942 |
_2lcc _cBK |
||
| 999 |
_c200431209 _d49421 |
||